Design of multi-band frequency reconfigurable micro-strip patch antenna / (Record no. 615887)

000 -LEADER
fixed length control field 00802nam a22001817a 4500
003 - CONTROL NUMBER IDENTIFIER
control field NUST
005 - DATE AND TIME OF LATEST TRANSACTION
control field 20260121155630.0
082 ## - DEWEY DECIMAL CLASSIFICATION NUMBER
Classification number 621.382,BIL
100 ## - MAIN ENTRY--PERSONAL NAME
Personal name Bilal, Muhammad
9 (RLIN) 18167
245 ## - TITLE STATEMENT
Title Design of multi-band frequency reconfigurable micro-strip patch antenna /
Statement of responsibility, etc. Muhammad Bilal, syed Aqeel Hussain Shah, Muhammad Tahir Khan and Mumtaz Ahmed (TCC-27/ TE52)
260 ## - PUBLICATION, DISTRIBUTION, ETC.
Place of publication, distribution, etc. Rawalpindi
Name of publisher, distributor, etc. MCS (NUST)
Date of publication, distribution, etc. May, 2019
300 ## - PHYSICAL DESCRIPTION
Extent xi, 52 p.;
505 ## - FORMATTED CONTENTS NOTE
Formatted contents note Introduction (Page-1), Literature Review (Page-12), Antenna Design and Development (Page-23), Antenna Measurements and Results (Page-33), Future Work and Conclusion (Page-50), References (Page-45).
650 ## - SUBJECT ADDED ENTRY--TOPICAL TERM
Topical term or geographic name entry element UG Project
9 (RLIN) 131132
651 ## - SUBJECT ADDED ENTRY--GEOGRAPHIC NAME
Geographic name TCC-27/ TE52
9 (RLIN) 132868
700 ## - ADDED ENTRY--PERSONAL NAME
Personal name Supervised by Lecturer Maryam Rasool
9 (RLIN) 132869
942 ## - ADDED ENTRY ELEMENTS (KOHA)
Source of classification or shelving scheme
Koha item type Project Report
Holdings
Withdrawn status Lost status Source of classification or shelving scheme Damaged status Not for loan Permanent Location Current Location Shelving location Date acquired Total Checkouts Full call number Barcode Date last seen Price effective from Koha item type Public note
          Military College of Signals (MCS) Military College of Signals (MCS) Reference 01/21/2026   621.382,BIL MCSPTE-289 01/21/2026 01/21/2026 Project Report Almirah No.90, Shelf No.4
© 2023 Central Library, National University of Sciences and Technology. All Rights Reserved.